| 000 | 00916nam a2200253 a 4500 | ||
|---|---|---|---|
| 001 | BRCA_4543 | ||
| 005 | 20190320204718.0 | ||
| 008 | 220910s1939----mx-a######---#000-0#spa-# | ||
| 041 | _aspa | ||
| 044 | _amx | ||
| 050 | 4 |
_aGT3670 _b.M67 1939 |
|
| 100 | 1 |
_aMoreno Villa, José _d1887-1955 _93561 |
|
| 245 | 1 | 0 |
_aLocos, enanos, negros y niños palaciegos _bgente de placer que tuvieron los Austrias en la Corte Española desde 1563 a 1700 _cestudio y catálogo por José Moreno Villa. |
| 260 |
_aMéxico _bLa Casa de España en México : Presencia _c1939 |
||
| 300 |
_a157 p. _bil., 21 láminas _c21 cm. |
||
| 440 | 0 |
_aSerie de obras originales _v1 _911507 |
|
| 500 | _aIncluye índice de materias y pintores e índice de grabados | ||
| 500 | _aD15 | ||
| 650 | 1 | 4 |
_aBufones _911508 |
| 651 | 4 |
_aEspaña _xCortes y cortesanos _911509 |
|
| 710 | 2 |
_aFondo de Cultura Económica _99061 |
|
| 902 | _aGFM | ||
| 942 |
_2lcc _cB |
||
| 999 |
_c4249 _d4249 |
||